[Event "North Region-ch U16 Girls"]
[Site "Cartagena"]
[Date "2014.05.08"]
[Round "1.3"]
[White "Martinez Gomez, Giselis"]
[Black "Maury Escorcia, Julineth"]
[Result "0-1"]
[WhiteElo "1600"]
[BlackElo "1340"]
[PlyCount "57"]
[EventDate "2014.05.08"]
[EventType "swiss"]
[EventRounds "6"]
[EventCountry "COL"]
[SourceTitle "EXT 2024"]
[Source "ChessBase"]
[SourceDate "2023.10.10"]
[SourceVersion "1"]
[SourceVersionDate "2023.10.10"]
[SourceQuality "1"]

1. c4 e5 2. Nc3 Nc6 3. g3 b6 4. Nf3 Qe7 5. Nb5 d6 6. Bg2 Bb7 7. Bh3 g6 8. d3 Nd4 9. Nbxd4 exd4 10. 0-0 Bg7 11. Re1 c5 12. Ng5 Qc7 13. e4 Nf6 14. Bf4 0-0 15. Bg2 Rae8 16. Qa4 Bc6 17. Qc2 Bh6 18. Qe2 d5 19. Bxc7 dxe4 20. Qc2 Bxg5 21. dxe4 Bxe4 22. Bxe4 Nxe4 23. Rxe4 Re7 24. Bd6 Rxe4 25. Qxe4 Rd8 26. Qe5 f6 27. Qe7 Rf8 28. Qd7 Re8 29. Qf7+ 0-1